000 01496na a22004217a 4500
003 CHAP
005 20240523111457.0
008 090929s2007 it a rn 00010 eng d
010 _a96791
011 _a97763
020 _a9789251057162
035 _a108434
040 _cCHAP
082 0 4 _a631.7
_bF3y v.63
110 2 _aFAO
245 1 0 _aModernizing irrigation management - the MASSCOTE approach :
_bmapping system and services for canal operation techniques
_c/by Daniel Renault, Thierry Fracon and Robina Wahaj
260 _aRome :
_bFAO,
_c2007
300 _axxv, 207 p. :
_bilus., cuadros, gráfs. + 2 CD 4 3/4 plgs.
490 0 _aRiego y drenaje
_v; 63
500 _aEl CD 1.-- Información igual al libro. CD 2. -- Techical documents and software on canal operation and irrigation system management.
590 _aBATCH-UPD
_b10
_c20130110
590 _aBATCH-UPD
_b10
_c20130410
590 _aBATCH-UPD
_b10
_c20130914
590 _aCONVERSION
_b10
_c20130109
650 1 4 _aCanales.
_918255
650 1 4 _aIngeniería hidráulica.
_958235
650 1 4 _aIrrigación.
_960366
650 1 4 _aModernidad.
650 1 4 _aRecursos hidraulicos.
650 1 7 _aSistemas de riego
_9106772
700 0 _aFacon, Thierry.
_939297
700 1 _aRenault, Daniel
_995898
700 1 _aWahaj, Robina
_9120797
830 0 _aRiego y drenaje
_v; 63
_997387
901 _aBK
942 _cLIBRO
_2ddc
949 _a631.7 F3y v.63
_bBC
_cFAO
_d33724002086611
_eFAO1
_gDonaciØn
_h110928
_i108434
_sb
999 _c96791
_d96791